study of coconut potential in sreronorng commune tramkak district takeo province (ការសិក្សាពីសក្តានុពលដំណាំដូង នៅឃុំស្រែរនោងស្រុកត្រាំកក់ ខេត្តតាកែវ) (Record no. 932)

000 -LEADER
fixed length control field 00632nam a22001337a 4500
040 ## - CATALOGING SOURCE
Transcribing agency RUA
082 ## - DEWEY DECIMAL CLASSIFICATION NUMBER
Classification number AGR PHO 2009 B042 Or.1
100 ## - MAIN ENTRY--AUTHOR NAME
Personal name PHO, CHAMROEUN.
245 ## - TITLE STATEMENT
Title study of coconut potential in sreronorng commune tramkak district takeo province (ការសិក្សាពីសក្តានុពលដំណាំដូង នៅឃុំស្រែរនោងស្រុកត្រាំកក់ ខេត្តតាកែវ)
260 ## - PUBLICATION, DISTRIBUTION, ETC. (IMPRINT)
Place of publication Phnom Penh
Name of publisher RUA
Year of publication 2009
300 ## - PHYSICAL DESCRIPTION
Number of Pages xi, 75p.
Other physical details ill.
Dimensions 29cm.
856 ## - ELECTRONIC LOCATION AND ACCESS
Uniform Resource Identifier https://drive.google.com/file/d/1izVyayaBJrKF1bMfVSf0jqfi2YSC9-4S/view?usp=sharing
942 ## - ADDED ENTRY ELEMENTS (KOHA)
Koha item type AGR
952 ## - LOCATION AND ITEM INFORMATION (KOHA)
Withdrawn status [LOCAL, KOHA] 0
952 ## - LOCATION AND ITEM INFORMATION (KOHA)
Withdrawn status [LOCAL, KOHA] 0
952 ## - LOCATION AND ITEM INFORMATION (KOHA)
Withdrawn status [LOCAL, KOHA] 0
952 ## - LOCATION AND ITEM INFORMATION (KOHA)
Withdrawn status [LOCAL, KOHA] 0
952 ## - LOCATION AND ITEM INFORMATION (KOHA)
Withdrawn status [LOCAL, KOHA] 0
Holdings
Permanent Location Date acquired Koha item type Lost status Shelving location Barcode Current Location Full call number
Library Block B2015-09-21AGR B042RUA000608Library Block BAGR PHO 2009 B042 Or.1
Library Block B2015-09-21AGR B042RUA000680Library Block BAGR PHO 2009 B042 Or.2
Library Block B2015-09-21AGR B042RUA000824Library Block BAGR PHO 2009 B042 Or.3
Library Block B2015-09-21AGR B042RUA000752Library Block BAGR PHO 2009 B042 Or.4
Library Block B2015-09-21AGR B042RUA000401Library Block BAGR PHO 2009 B042 Or.5
មជ្ឈមណ្ឌលឯការនៃសាកលវិទ្យាល័យភូមិន្ទកសិកម្មចំការដូង

Powered by Koha